Strzelcy bramek w 37 kolejce Premier League w sezonie 20/21. - Statystyki

Ogólne statystyki
  • Ten quiz został rozwiązany 14 razy
  • Średni wynik to 11 z 28
Statystyki odpowiedzi
Mecz Piłkarz % Poprawnych
Burnley - Liverpool 0:1 Firmino
93%
Southampton - Leeds 0:1 Bamford
71%
Manchester United - Fulham 1:0 Cavani
64%
Brighton - Manchester City 0:2 Foden
64%
Brighton - Manchester City 1:2 Trossard
64%
Brighton - Manchester City 0:1 Gundogan
57%
Everton - Wolves 1:0 Richarlison
57%
West Brom - West Ham 1:1 Soucek
57%
West Brom - West Ham 1:3 Antonio
50%
West Brom - West Ham 1:0 Pereira
50%
Southampton - Leeds 0:2 Roberts
50%
Tottenham - Aston Villa 1:2 Watkins
50%
Chelsea - Leicester 2:1 Iheanacho
43%
Chelsea - Leicester 2:0 Jorginho
36%
Crystal Palace - Arsenal 1:2 Martinelli
36%
Tottenham - Aston Villa 1:1 (Bramka Samobójcza) Reguilon
36%
Chelsea - Leicester 1:0 Rudiger
36%
Crystal Palace - Arsenal 1:1 Benteke
29%
West Brom - West Ham 1:2 Ogbonna
29%
Crystal Palace - Arsenal 0:1 Pepe
29%
Crystal Palace - Arsenal 1:3 Pepe
29%
Brighton - Manchester City 3:2 Burn
21%
Burnley - Liverpool 0:3 Oxlade-Chamberlain
21%
Burnley - Liverpool 0:2 Phillips
21%
Newcastle - Sheffield United 1:0 Willock
21%
Tottenham - Aston Villa 1:0 Bergwijn
14%
Manchester United - Fulham 1:1 Bryan
7%
Brighton - Manchester City 2:2 Webster
7%
Nie znaleziono quizów pasujących do podanych kryteriów
Rozkład punktacji
Procent ludzi z każdym wynikiem
Percentyl według liczby udzielonych odpowiedzi
Twoja historia wyników
Nie rozwiązałeś tego quizu